<?xml version="1.0" encoding="UTF-8"?>
<collection xmlns="http://www.loc.gov/MARC21/slim">
 <record>
  <leader>01425nam0a2200289   4500</leader>
  <controlfield tag="001">in00000004449</controlfield>
  <controlfield tag="005">20230616144951.5</controlfield>
  <datafield tag="010" ind1=" " ind2=" ">
   <subfield code="a">978-7-5104-7500-9</subfield>
   <subfield code="d">CNY59.80</subfield>
  </datafield>
  <datafield tag="035" ind1=" " ind2=" ">
   <subfield code="a">012053674</subfield>
  </datafield>
  <datafield tag="100" ind1=" " ind2=" ">
   <subfield code="a">20221114d2022    em y0chiy50      ea</subfield>
  </datafield>
  <datafield tag="101" ind1="1" ind2=" ">
   <subfield code="a">chi</subfield>
   <subfield code="c">eng</subfield>
  </datafield>
  <datafield tag="102" ind1=" " ind2=" ">
   <subfield code="a">CN</subfield>
   <subfield code="b">110000</subfield>
  </datafield>
  <datafield tag="105" ind1=" " ind2=" ">
   <subfield code="a">a   z   000yy</subfield>
  </datafield>
  <datafield tag="106" ind1=" " ind2=" ">
   <subfield code="a">r</subfield>
  </datafield>
  <datafield tag="200" ind1="1" ind2=" ">
   <subfield code="a">野蛮进化</subfield>
   <subfield code="9">ye man jin hua</subfield>
   <subfield code="h">2</subfield>
   <subfield code="i">赢家法则</subfield>
   <subfield code="d">Winning</subfield>
   <subfield code="i">The unforgiving race to greatness</subfield>
   <subfield code="f">(美)蒂姆·S. 格罗弗(Tim S. Grover)，(美)莎莉·莱塞·温克(Shari Lesser Wenk)著</subfield>
   <subfield code="g">王正林译</subfield>
   <subfield code="z">eng</subfield>
  </datafield>
  <datafield tag="210" ind1=" " ind2=" ">
   <subfield code="a">北京</subfield>
   <subfield code="c">新世界出版社</subfield>
   <subfield code="d">2022</subfield>
  </datafield>
  <datafield tag="215" ind1=" " ind2=" ">
   <subfield code="a">16,12,187页</subfield>
   <subfield code="c">彩照</subfield>
   <subfield code="d">24cm</subfield>
  </datafield>
  <datafield tag="300" ind1=" " ind2=" ">
   <subfield code="a">中资海派</subfield>
  </datafield>
  <datafield tag="305" ind1=" " ind2=" ">
   <subfield code="a">通过Grand China Publishing House(中资出版社)授权出版</subfield>
  </datafield>
  <datafield tag="330" ind1=" " ind2=" ">
   <subfield code="a">本书向你展示一幅真实且详细的图景，标记出那些最终可能威胁你实现梦想的挑战和障碍，并告知你如何战胜它们；书中的13条“赢家法则”，既能让你把握住不屈不挠的求胜心态，又能让你攀上赢家的世界之巅。</subfield>
  </datafield>
  <datafield tag="510" ind1="1" ind2=" ">
   <subfield code="a">Winning</subfield>
   <subfield code="i">The unforgiving race to greatness</subfield>
   <subfield code="z">eng</subfield>
  </datafield>
  <datafield tag="606" ind1="0" ind2=" ">
   <subfield code="a">成功心理</subfield>
   <subfield code="j">通俗读物</subfield>
  </datafield>
  <datafield tag="690" ind1=" " ind2=" ">
   <subfield code="a">B848.4</subfield>
   <subfield code="v">5</subfield>
  </datafield>
  <datafield tag="701" ind1=" " ind2="0">
   <subfield code="c">(美)</subfield>
   <subfield code="a">格罗弗</subfield>
   <subfield code="9">ge luo fu</subfield>
   <subfield code="c">(Grover, Tim S.)</subfield>
   <subfield code="4">著</subfield>
  </datafield>
  <datafield tag="701" ind1=" " ind2="0">
   <subfield code="c">(美)</subfield>
   <subfield code="a">温克</subfield>
   <subfield code="9">wen ke</subfield>
   <subfield code="c">(Wenk, Shari Lesser)</subfield>
   <subfield code="4">著</subfield>
  </datafield>
  <datafield tag="702" ind1=" " ind2="0">
   <subfield code="a">王正林</subfield>
   <subfield code="9">wang zheng lin</subfield>
   <subfield code="4">译</subfield>
  </datafield>
  <datafield tag="999" ind1="f" ind2="f">
   <subfield code="s">92367dbd-ebe6-4634-8889-90ebcc23fd94</subfield>
   <subfield code="i">65406530-429b-45e4-84bc-733868232715</subfield>
  </datafield>
 </record>
</collection>
